|
|
|
|
| LEADER |
00000nab a2200000 a 4500 |
| 001 |
vtls000101991 |
| 003 |
SK-MaSNL |
| 005 |
20260303101104.0 |
| 008 |
111031c1981 xo 0 slo |
| 015 |
|
|
|a SNBRA19rr/mm-uuuuu
|
| 035 |
|
|
|a CL0112094
|
| 040 |
|
|
|a SNKBUCL
|b slo
|c SNKBUCL
|e AACR2
|
| 041 |
0 |
|
|a slo
|
| 044 |
|
|
|a xo
|c SK
|
| 080 |
|
|
|a 634.1/.7
|2 1981
|
| 080 |
|
|
|a 631.52/.53
|2 1981
|
| 100 |
1 |
|
|a Ivanička, Július,
|d 1944-
|4 aut
|9 38023
|
| 245 |
1 |
0 |
|a Embryové kultúry v šľachtení čerešní
|c Július Ivanička, Július Bakša
|
| 300 |
|
|
|b Tb. 4. Res. rus., angl.
|
| 650 |
0 |
7 |
|a šľachtenie stromov ovocných
|2 snkbucl
|9 1112443
|
| 650 |
0 |
7 |
|a čerešne
|2 snkbucl
|9 58077
|
| 655 |
|
7 |
|a články zo zborníkov
|2 snkbucl
|9 166140
|
| 700 |
1 |
|
|a Bakša, Július
|4 aut
|9 5139
|
| 773 |
0 |
|
|t Vedecké práce OP SEMEX Výskumného ústavu ovocných a okrasných drevín v Bojniciach 3
|d Bratislava : Príroda, 1981
|g S. 17-26
|
| 850 |
|
|
|a Slovenská národná knižnica v Martine
|a MTA001
|
| 852 |
|
|
|a SNK
|b KIS3GCP
|
| 958 |
|
|
|a RK
|
| 992 |
|
|
|a RZB
|
| 999 |
|
|
|c 1836834
|d 1838764
|